000 01220nam a22002057a 4500
005 20231120094318.0
008 231120b ||||| |||| 00| 0 eng d
020 _a9788130920696
040 _cAL
041 _aeng
082 _223
_a541.3028
_bVISP
100 _aViswanathan B; Raghavan PS
_9142227
245 _aPractical physical chemistry
260 _aNew Delhi
_bViva Books
_c2017
300 _axii,356p.
_bPB
_c24x15.5cm.
365 _2General
_aABDI/0722/23
_b
_c
_d₹695.00
_e25%
_f27-10-2023
520 _aThe authors have examined carefully a number of Indian Universities and evolved a common minimum laboratory programme and the result is this compilation. The experiments chosen are the minimum required for undergraduate programmes. Some experiments have been purposely included so that they can be covered at demonstration level and can be given as exercises at the postgraduate level. The authors have attempted to assemble the list of experiments from their experience and also have drawn upon the experience of the students who have undergone these laboratory courses and felt the inadequacy of the existing curriculum.
650 _2Chemistry
_aphysical Chemistry
_9142228
942 _2ddc
_cBK
999 _c229237
_d229237